<?xml version="1.0" encoding="UTF-8"?><?xml-stylesheet type="text/xsl" href="static/style.xsl"?><OAI-PMH xmlns="http://www.openarchives.org/OAI/2.0/" xmlns:xsi="http://www.w3.org/2001/XMLSchema-instance" xsi:schemaLocation="http://www.openarchives.org/OAI/2.0/ http://www.openarchives.org/OAI/2.0/OAI-PMH.xsd"><responseDate>2026-04-18T00:29:44Z</responseDate><request verb="GetRecord" identifier="oai:www.recercat.cat:20.500.12328/5256" metadataPrefix="marc">https://recercat.cat/oai/request</request><GetRecord><record><header><identifier>oai:recercat.cat:20.500.12328/5256</identifier><datestamp>2026-03-24T06:22:26Z</datestamp><setSpec>com_2072_67741</setSpec><setSpec>col_2072_484352</setSpec></header><metadata><record xmlns="http://www.loc.gov/MARC21/slim" xmlns:dcterms="http://purl.org/dc/terms/" xmlns:xsi="http://www.w3.org/2001/XMLSchema-instance" xmlns:doc="http://www.lyncode.com/xoai" xsi:schemaLocation="http://www.loc.gov/MARC21/slim http://www.loc.gov/standards/marcxml/schema/MARC21slim.xsd">
   <leader>00925njm 22002777a 4500</leader>
   <datafield ind2=" " ind1=" " tag="042">
      <subfield code="a">dc</subfield>
   </datafield>
   <datafield ind2=" " ind1=" " tag="720">
      <subfield code="a">Garcia-Caballero, Anna</subfield>
      <subfield code="e">author</subfield>
   </datafield>
   <datafield ind2=" " ind1=" " tag="720">
      <subfield code="a">Torrens-Lluch, Marina</subfield>
      <subfield code="e">author</subfield>
   </datafield>
   <datafield ind2=" " ind1=" " tag="720">
      <subfield code="a">Ramírez-Gendrau, Isabel</subfield>
      <subfield code="e">author</subfield>
   </datafield>
   <datafield ind2=" " ind1=" " tag="720">
      <subfield code="a">Garrido, Gemma</subfield>
      <subfield code="e">author</subfield>
   </datafield>
   <datafield ind2=" " ind1=" " tag="720">
      <subfield code="a">Vallès, Vicenç</subfield>
      <subfield code="e">author</subfield>
   </datafield>
   <datafield ind2=" " ind1=" " tag="720">
      <subfield code="a">Aragay Vicente, Nuria</subfield>
      <subfield code="e">author</subfield>
   </datafield>
   <datafield ind2=" " ind1=" " tag="260">
      <subfield code="c">2018-07-12</subfield>
   </datafield>
   <datafield ind2=" " ind1=" " tag="520">
      <subfield code="a">El propósito del presente estudio es analizar la eficacia de una intervención psicológica individual basada en Entrevista Motivacional y Terapia cognitivo-conductual en el tratamiento del Juego Patológico, y evaluar la eficacia de esta intervención psicológica sobre la impulsividad y la calidad de vida de los pacientes. La muestra se compone de 18 pacientes atendidos en la Unidad de Juego Patológico del Consorci Sanitari Terrassa, diagnosticados de Juego Patológico, y sin comorbilidad asociada. La media de edad fue de 46 años (SD=12). Todos ellos alcanzaron la abstinencia y se encontraban en fase de seguimiento. Se administraron pre y post tratamiento los siguientes cuestionarios: Screen for Gambling Problems (NODS), Quality of Life Enjoyment and Satisfaction (Q-LES-Q), UPPS-P Impulsive Behavior Scale, Sheehan Disability Inventory (SDI), Beck Depression Inventory (BDI), State-trait Anxiety Inventory (STAI). Los resultados muestran una reducción significativa de los problemas asociados a la conducta de juego (p&lt;.000). También se encontraron diferencias significativas en la impulsividad (UPPS-P) pre-post: urgencia negativa (p&lt;.001), urgencia positiva (p&lt;.001), (falta de) premeditación (p&lt;.029) y (falta de) perseverancia (p&lt;.048). Así mismo, hay una mejoría significativa en la calidad de vida (Q-LES-Q) de nuestros pacientes en distintas áreas. En conclusión, el estudio pone de manifiesto que la intervención psicológica basada en Entrevista Motivacional y Terapia Cognitivo-conductual permite una mejora significativa del Juego Patológico que repercute no sólo en la conducta de juego sino que también implica otros aspectos como la impulsividad y la calidad de vida.</subfield>
   </datafield>
   <datafield ind1="8" ind2=" " tag="024">
      <subfield code="a">Garcia-Caballero, A.; Torrens-Lluch, M.; Ramírez-Gendrau, I. [et. al]. Eficacia de la intervención motivacional y la terapia cognitivo-conductual para el tratamiento del juego patológico. Adicciones, 2018, 30 (3), pp. 219-224. Disponible en: &lt;https://adicciones.es/index.php/adicciones/article/view/965>. Fecha de acceso: 23 Mar 2026. DOI: 10.20882/adicciones.965</subfield>
   </datafield>
   <datafield ind1="8" ind2=" " tag="024">
      <subfield code="a">0214-4840</subfield>
   </datafield>
   <datafield ind1="8" ind2=" " tag="024">
      <subfield code="a">https://hdl.handle.net/20.500.12328/5256</subfield>
   </datafield>
   <datafield ind1="8" ind2=" " tag="024">
      <subfield code="a">https://dx.doi.org/10.20882/adicciones.965</subfield>
   </datafield>
   <datafield tag="653" ind2=" " ind1=" ">
      <subfield code="a">Pathological gambling</subfield>
   </datafield>
   <datafield tag="653" ind2=" " ind1=" ">
      <subfield code="a">Treatment</subfield>
   </datafield>
   <datafield tag="653" ind2=" " ind1=" ">
      <subfield code="a">Motivational Interviewing</subfield>
   </datafield>
   <datafield tag="653" ind2=" " ind1=" ">
      <subfield code="a">CBT</subfield>
   </datafield>
   <datafield tag="653" ind2=" " ind1=" ">
      <subfield code="a">Impulsiveness</subfield>
   </datafield>
   <datafield tag="653" ind2=" " ind1=" ">
      <subfield code="a">Quality of life</subfield>
   </datafield>
   <datafield tag="653" ind2=" " ind1=" ">
      <subfield code="a">Juego patológico</subfield>
   </datafield>
   <datafield tag="653" ind2=" " ind1=" ">
      <subfield code="a">Tratamiento</subfield>
   </datafield>
   <datafield tag="653" ind2=" " ind1=" ">
      <subfield code="a">Entrevista Motivacional</subfield>
   </datafield>
   <datafield tag="653" ind2=" " ind1=" ">
      <subfield code="a">CBT</subfield>
   </datafield>
   <datafield tag="653" ind2=" " ind1=" ">
      <subfield code="a">Impulsividad</subfield>
   </datafield>
   <datafield tag="653" ind2=" " ind1=" ">
      <subfield code="a">Calidad de vida</subfield>
   </datafield>
   <datafield tag="653" ind2=" " ind1=" ">
      <subfield code="a">Joc patològic</subfield>
   </datafield>
   <datafield tag="653" ind2=" " ind1=" ">
      <subfield code="a">Tractament</subfield>
   </datafield>
   <datafield tag="653" ind2=" " ind1=" ">
      <subfield code="a">Entrevista Motivacional</subfield>
   </datafield>
   <datafield tag="653" ind2=" " ind1=" ">
      <subfield code="a">CBT</subfield>
   </datafield>
   <datafield tag="653" ind2=" " ind1=" ">
      <subfield code="a">Impulsivitat</subfield>
   </datafield>
   <datafield tag="653" ind2=" " ind1=" ">
      <subfield code="a">Qualitat de vida</subfield>
   </datafield>
   <datafield ind2="0" ind1="0" tag="245">
      <subfield code="a">Eficacia de la intervención motivacional y la terapia cognitivo-conductual para el tratamiento del juego patológico</subfield>
   </datafield>
</record></metadata></record></GetRecord></OAI-PMH>